Characters who appeared in EastEnders in 2011 Quiz Stats

 Plays Quiz not verified by Sporcle

Support Sporcle.
Go Orange.
Score 0/86 Timer 15:00
0 Plays Today
Number of episodes Character % Correct
95 episodesPhil Mitchell
93.6%
107 episodesKat Moon
92.4%
102 episodesIan Beale
91.9%
118 episodesAlfie Moon
91.2%
83 episodesMax Branning
90.2%
98 episodesRoxy Mitchell
88.5%
57 episodesPat Evans
87.9%
103 episodesJack Branning
87.8%
84 episodesLauren Branning
87.6%
102 episodesTanya Jessop
87%
61 episodesAbi Branning
87%
57 episodesRonnie Branning
86.7%
84 episodesDot Branning
86.6%
51 episodesMo Harris
86.2%
63 episodesJane Clarke
85.7%
62 episodesBen Mitchell
85.3%
16 episodesBianca Butcher
84.5%
86 episodesShirley Carter
84%
88 episodesWhitney Dean
82.2%
74 episodesDenise Fox
82%
84 episodesMasood Ahmed
81.7%
46 episodesTiffany Butcher
81.7%
70 episodesHeather Trott
81.2%
68 episodesBilly Mitchell
80.7%
47 episodesLiam Butcher
80.6%
84 episodesJanine Butcher
80.3%
63 episodesKim Fox
79.8%
56 episodesRicky Butcher
79.6%
98 episodesZainab Khan
79.5%
Number of episodes Character % Correct
84 episodesCarol Jackson
79.3%
58 episodesPatrick Trueman
79.2%
82 episodesSyed Masood
78.9%
83 episodesTamwar Masood
78.3%
70 episodesJay Mitchell
78.2%
32 episodesMorgan Butcher
77.8%
88 episodesMichael Moon
77%
2 episodesJim Branning
77%
21 episodesBobby Beale
75.8%
47 episodesJean Slater
75.2%
77 episodesChristian Clarke
74.5%
79 episodesArthur 'Fatboy' Chubb
72.2%
69 episodesTyler Moon
71.5%
26 episodesAmy Mitchell
71.5%
35 episodesLola Pearce
71%
64 episodesTommy Moon
69.7%
21 episodesOscar Branning
68.9%
54 episodesAnthony Moon
68.8%
58 episodesVanessa Gold
68.5%
33 episodesCora Cross
68.5%
89 episodesYusef Khan
67.8%
10 episodesCharlie Slater
67.8%
74 episodesJodie Gold
67.1%
52 episodesDarren Miler
66.9%
48 episodesEddie Moon
66.5%
69 episodesAfia Masood
65.7%
44 episodesGreg Jessop
65.4%
32 episodesRyan Malloy
65.1%
14 episodesDerek Branning
64.6%
Number of episodes Character % Correct
27 episodesAmira Masood
64.5%
13 episodesGeorge Trott
61.9%
2 episodesHarry Gold
61.3%
28 episodesPoppy Meadow
60.9%
1 episodeSonia Fowler
60.3%
33 episodesKamil Masood
59.9%
25 episodesGlenda Mitchell
59.7%
27 episodesMandy Salter
57.4%
9 episodesRob Grayson
56.6%
1 episodeJanet Mitchell
54.9%
39 episodesMercy Chubb
54.9%
3 episodesWilliam Mitchell
54.8%
52 episodesRainie Cross
53%
8 episodesAndrew Cotton
51.5%
35 episodesJulie Perkins
51%
23 episodesNorman Simmonds
50.7%
29 episodesRose Cotton
50.6%
17 episodesYasmin Masood
50.2%
21 episodesShenice Quinn
49.9%
11 episodesGrace Olubunmi
48.8%
2 episodesQadim Shah
48.4%
1 episodeRitchie Scott
48%
13 episodesLydia Simmonds
47.6%
2 episodesMickey Miller
46.3%
9 episodesConnor Stanley
46.2%
2 episodesSal Martin
46.1%
18 episodesEdward Bishop
45.5%
2 episodesBushra Abbasi
45.5%

You're not logged in!

Compare scores with friends on all Sporcle quizzes.
OR
Log In

From the Vault

Vader or Voldemort?

by 12bball

Just hope you never have to face these two at the same time.
Remove Ads.
Support Sporcle.
Get the best of Sporcle when you Go Orange. This ad-free experience offers more features, more stats, and more fun while also helping to support Sporcle. Thank you for becoming a member.

Show Comments

Extras

Created Mar 18, 2012ReportNominate
Tags:Eastenders Characters

Top Quizzes Today


Score Distribution

Your Account Isn't Verified!

In order to create a playlist on Sporcle, you need to verify the email address you used during registration. Go to your Sporcle Settings to finish the process.

Report this User

Report this user for behavior that violates our Community Guidelines.

Details: